Legendary trains : the great locomotives of the world past and present / (Record no. 9375)

MARC details
000 -LEADER
fixed length control field 00799nac a22002411u 4500
010 ## - LIBRARY OF CONGRESS CONTROL NUMBER
LC control number 2002483215
020 ## - INTERNATIONAL STANDARD BOOK NUMBER
International Standard Book Number 3770170814 :
035 ## - SYSTEM CONTROL NUMBER
System control number (UkLWHE)b000124626
082 00 - DEWEY DECIMAL CLASSIFICATION NUMBER
Classification number 385.360222
Item number LEG
090 ## - LOCALLY ASSIGNED LC-TYPE CALL NUMBER (OCLC); LOCAL CALL NUMBER (OCLC)
-- 9375
-- 9375
100 ## - MAIN ENTRY--PERSONAL NAME
Personal name 20080729
245 00 - TITLE STATEMENT
Title Legendary trains : the great locomotives of the world past and present /
Statement of responsibility, etc Edited by [Thomas Hornung].
260 ## - PUBLICATION, DISTRIBUTION, ETC. (IMPRINT)
Place of publication, distribution, etc London :
Name of publisher, distributor, etc Dumonte monte,2001.
Date of publication, distribution, etc c2001.
300 ## - PHYSICAL DESCRIPTION
Extent 440 p. :
Other physical details ill. (some col.) ;
Dimensions 32 cm.
500 ## - GENERAL NOTE
General note Editor statement from cover.
500 ## - GENERAL NOTE
General note Includes index.
500 ## - GENERAL NOTE
General note Distributer: Al-Ahram
511 ## - PARTICIPANT OR PERFORMER NOTE
Participant or performer note Catalogued by: Sara
650 #0 - SUBJECT ADDED ENTRY--TOPICAL TERM
Topical term or geographic name as entry element Railroads
General subdivision History.
650 #0 - SUBJECT ADDED ENTRY--TOPICAL TERM
Topical term or geographic name as entry element Locomotives
General subdivision History.
700 1# - ADDED ENTRY--PERSONAL NAME
Personal name Hornung, Thomas.
942 ## - ADDED ENTRY ELEMENTS (KOHA)
Item type NB - Book (Non borrowing)
Call number prefix 385.360222LEG
Holdings
Withdrawn status Item status Damaged status Not for loan Home library Current library Shelving location Date acquired Source of acquisition Total Checkouts Full call number Barcode Date last seen Koha item type
        Central Library Central Library First floor 05/05/2008 Purchase   385.360222LEG 000011082 15/07/2025 NB - Book (Non borrowing)